| 000 | 00390nam a22001457a 4500 | ||
|---|---|---|---|
| 020 | _a9781845933876 | ||
| 082 |
_a631.45 _bBOS/CO |
||
| 100 |
_aBossio Deborah _aGeheb Kim _9278 |
||
| 245 | _aConserving Land, Protecting Water | ||
| 250 | _a6 | ||
| 260 |
_aLondon _bCabi _c2008 |
||
| 300 | _a235 | ||
| 490 | _aComprehensive Assessment Water Management in Agriculture Series - 6 | ||
| 942 | _cREF | ||
| 999 |
_c14207 _d14207 |
||